| 000 | 00755nas a2200253 4500 | ||
|---|---|---|---|
| 001 | BR8806912 | ||
| 003 | BR-BrBNA | ||
| 005 | 20231205091352.0 | ||
| 007 | ta | ||
| 008 | 230509b bl.|||p| |||| 00| 00por d | ||
| 040 |
_aBR-BrBNA _bpor _cBiblioteca Nacional de Agricultura |
||
| 041 | _a(Pt) | ||
| 072 | _aL73 | ||
| 100 | 1 | _aBechara, G.H. | |
| 100 | 1 | _aAlessi, A.C. | |
| 100 | 1 | _aMurad Neto, R. | |
| 245 | 1 | _aPoliarterite nodosa em bovino. Revisao e relato de caso | |
| 246 | 1 | _aPolyateritis nodosa in cattle. Review and case report | |
| 650 | _aBOVINO | ||
| 650 | _aARTRITE | ||
| 773 | 0 |
_tARS Veterinaria (Brazil) _xISSN 0102-6380 _g(Jun 1987), v. 3(1) p. 97-104 _wBR8806912 |
|
| 909 |
_a202311 _bLúcia _c55 _dLúcia Elande |
||
| 942 |
_2AGRIS _n0 _cANA |
||
| 999 |
_c124627 _d124627 |
||